Balancing country life /

Bibliographic Details
Corporate Author: Young Men's Christian Associations. International Committee. County Work Department
Format: Book
Language:English
Published: New York : Association Press, 1917.
Subjects:

MARC

Tag First Indicator Second Indicator Subfields
LEADER 00000cam a2200000 4500
001 in00000044640
005 20151007075043.0
008 800612s1917 nyu 00010 eng
010 |a  17017186  
035 |a (OCoLC)06415083 
035 |9 AAF2554AM 
037 |c $1.00 
040 |a DLC  |c TXA  |d UtOrBLW 
049 |a TXAM  |c [10947] 
050 0 |a BV1210  |b .Y6 
092 |a 630.1  |b Y74b 
110 2 |a Young Men's Christian Associations.  |b International Committee.  |b County Work Department. 
245 1 0 |a Balancing country life /  |c ed. by the County Work Department of the International Committee of Young Men's Christian Associations. 
264 1 |a New York :  |b Association Press,  |c 1917. 
300 |a xiii, 136 pages ;  |c 20 cm. 
336 |a text  |b txt  |2 rdacontent 
337 |a unmediated  |b n  |2 rdamedia 
338 |a volume  |b nc  |2 rdacarrier 
650 0 |a Country life  |z United States. 
999 |a MARS 
999 f f |s 7a091090-6261-36f7-a702-8d13ea5e2880  |i a001ccb9-a846-366d-ba2b-8d20827a15aa  |t 0 
952 f f |p ric  |a Texas A&M University  |b Rellis Campus  |c Joint Library Facility  |d Remote Storage  |t 0  |e BV1210 .Y6  |h Library of Congress classification  |i unmediated -- volume  |m A14801053809 
998 f f |a BV1210 .Y6  |t 0  |l Remote Storage